00237nam a2200061 4500008004100000245007700041260005700118240223b |||||||| |||| 00| 0 eng d aJournal of the royal Asiatic society of Sri Lanka : New series-Vol. XLII aColombo :bRoyal Asiatic society of Sri Lanka,c1999